| 000 | 00516 a2200145 4500 | ||
|---|---|---|---|
| 040 | _aDLC | ||
| 082 | _a005.4769 | ||
| 100 | _a Microsoft | ||
| 245 |
_aSupporting Microsoft Windows NT Server 4.0 Enterprise Technologies: Workbook _cWorkbook _h Microsoft |
||
| 260 |
_aIslamabad: _b National Book Foundation, _c1999. |
||
| 300 |
_a xi, 567 p. : _bill. ; _c 27 cm. |
||
| 500 | _aIncludes Index | ||
| 650 | _a1.Microsoft windows NT.2.Operating systems (Copmuters).3.Client/server Computing. | ||
| 942 |
_cBK _k005.4769 MIC _2ddc |
||
| 999 |
_c6324 _d6324 |
||